| 000 | 00981nac a22002891u 4500 | ||
|---|---|---|---|
| 003 | EG-ScBUE | ||
| 005 | 20221027133423.0 | ||
| 008 | 221027t2002 nyua f 000 0beng d | ||
| 020 | _a3823855824 | ||
| 020 | _a9783823855828 | ||
| 035 | _a(DLC)13023999 | ||
| 040 |
_aEG-ScBUE _beng _erda _cEG-ScBUE _dEG-ScBUE |
||
| 082 | 0 | 4 |
_a720.92 _222 _bREM |
| 245 | 0 | 0 |
_aRem Koolhaas/OMA / _c[editor in chief, Paco Asensio ; editor and original texts. Aurora Cuito]. |
| 264 | 1 |
_aNew York, N.Y. : _bteNeues, _c[2002] |
|
| 264 | 4 | _cc2002 | |
| 300 |
_a79 pages : _bcolor illustrations ; _c22 cm |
||
| 600 | 1 | 7 |
_aKoolhaas, Rem _xCriticism and interpretation. _2BUEsh |
| 610 | 2 | 7 |
_aOffice for Metropolitan Architecture. _2BUEsh |
| 650 | 7 |
_aArchitecture, Modern _y20th century. _2BUEsh |
|
| 653 | _bENGARC | ||
| 655 | _vReading book | ||
| 700 | 1 |
_aAsensio Cerver, Francisco, _eeditor. |
|
| 700 | 1 |
_aCuito, Aurora, _eeditor. |
|
| 710 | 2 | _aOffice for Metropolitan Architecture. | |
| 942 |
_cBB _2ddc |
||
| 999 |
_c3158 _d3158 |
||